[Event "FRA-ch Blitz Online Qual"]
[Site "Europe Echecs INT"]
[Date "2020.05.16"]
[Round "7"]
[White "Gombrowicz, Renaud"]
[Black "Deschamps, Quentin"]
[Result "0-1"]
[WhiteElo "1343"]
[BlackElo "1908"]
[PlyCount "66"]
[EventDate "2020.05.16"]
[EventType "swiss (blitz)"]
[EventRounds "15"]
[EventCountry "FRA"]
[SourceTitle "CBM 196 Extra"]
[Source "ChessBase"]
[SourceDate "2020.07.31"]
[SourceVersion "1"]
[SourceVersionDate "2020.07.31"]
[SourceQuality "1"]

1. e4 e6 2. d4 d5 3. Nc3 Bb4 4. e5 c5 5. a3 Bxc3+ 6. bxc3 Qc7 7. Qg4 Ne7 8. Bd2 Bd7 9. Nf3 Nbc6 10. Be2 Ng6 11. 0-0 0-0 12. h4 f5 13. Qg3 Rac8 14. h5 Nge7 15. Ng5 f4 16. Bxf4 Nf5 17. Qg4 cxd4 18. cxd4 Ncxd4 19. Bd3 Bb5 20. Qd1 Bxd3 21. Qxd3 Qxc2 22. Qxc2 Rxc2 23. g4 Ne2+ 24. Kh2 Nxf4 25. gxf5 Rxf5 26. Nf3 Rxh5+ 27. Kg3 Ne2+ 28. Kg4 g6 29. Ng5 Rc4+ 30. Kf3 Nd4+ 31. Kg4 Nb3+ 32. Kf3 Nxa1 33. Rxa1 Rxg5 0-1

[Event "Sautron W op 02nd"]
[Site "Sautron"]
[Date "2014.05.31"]
[Round "3"]
[White "Machiels, Etienne"]
[Black "Deschamps, Quentin"]
[Result "1/2-1/2"]
[WhiteElo "1593"]
[BlackElo "1729"]
[PlyCount "77"]
[EventDate "2014.05.28"]
[EventType "swiss"]
[EventRounds "6"]
[EventCountry "FRA"]
[SourceTitle "EXT 2016"]
[Source "ChessBase"]
[SourceDate "2015.10.08"]
[SourceVersion "1"]
[SourceVersionDate "2015.10.08"]
[SourceQuality "1"]

1. e4 c5 2. Nf3 d6 3. d4 cxd4 4. Nxd4 Nf6 5. Nc3 a6 6. Be2 e5 7. Nb3 Be6 8. Be3 Be7 9. 0-0 b5 10. a3 Nbd7 11. f4 exf4 12. Bxf4 Ne5 13. Nd4 Bg4 14. Bxg4 Nfxg4 15. h3 g5 16. Bxe5 Nxe5 17. Nf5 g4 18. hxg4 Rg8 19. Nxe7 Qxe7 20. Nd5 Qa7+ 21. Kh1 Nxg4 22. Nf6+ Nxf6 23. Rxf6 0-0-0 24. Rxd6 Qf2 25. Rxd8+ Rxd8 26. Qg4+ Kc7 27. Rd1 Rxd1+ 28. Qxd1 Qh4+ 29. Kg1 Qxe4 30. Qd2 Qc4 31. Kf2 Qh4+ 32. Kg1 Qf6 33. Qf2 Qg6 34. Qa7+ Kc8 35. Qc5+ Kb7 36. Qc3 Kb6 37. Qd4+ Kc7 38. Qc3+ Kb6 39. Qd4+ 1/2-1/2